• 首页
  • 本馆介绍
  • 公告通知
  • 最新文献
  • 馆藏检索
  • 电子资源
  • 读者导购
  • 参考咨询
  • 我的图书馆
  • 登录
  • 详细信息显示
  • 放入我的书架
  • 预约/预借图书
  • 作者相关作品
  • 分类相关作品
  • 丛书相关作品
  • 出版社相关作品

书目信息

  • 表格格式
  • 工作单格式
  • 卡片格式
题名:
中国社会主义建设概论
    
 
作者: 易泽儒 主编
分册:  
出版信息: 成都   四川科学技术出版社  1987
页数: 370页
开本: 20cm
丛书名:
单 册:
中图分类: D614
科图分类: 32.2094
主题词: 社会主义建设模式--中国
电子资源:
ISBN: 7-5364-0329-1
000 00690nam0 2200241 45
001 0188012883
005 20070723162036.25
010    @a7-5364-0329-1@dCNY2.40
091    @b4298·110
100    @a19910417d1987 cm y0chiy0120 ea
101 0  @achi
102    @aCN@b130000
102    @aCN@b510000
105    @ay z 000yy
200 10 @a中国社会主义建设概论@Azhong guo she hui zhu yi jian she gai lun@f易泽儒主编@Fyi ze ru zhu bian
210    @a成都@c四川科学技术出版社@d1987
215    @a370页@d20cm
606    @a社会主义建设模式@y中国
690    @aD614@v1980
692    @a32.2094@v1974
701  0 @a易泽儒@Ayi ze ru@4主编
801  0 @aCN@bTSSF@c20070723
905    @a10447@dD614@e122
    
    中国社会主义建设概论/易泽儒主编.-成都:四川科学技术出版社,1987
    370页;20cm
    
    
    ISBN 7-5364-0329-1:CNY2.40
    
●
相关链接 在E读中查询图书 在五车中查询图书 在当当中查询图书 在豆瓣中查询图书


正题名:中国社会主义建设概论     索取号:D614/122         预约/预借

序号 登录号 条形码 馆藏地/架位号 状态 备注
1 0769725   207697250   第一样本阅览室/ [索取号:D614/122] 在馆    
唐山师范学院图书馆 欢迎您!
大连网信软件有限公司© 版权所有